000 00458nam a2200181Ia 4500
001 15717
005 20260306170216.0
008 260306t1990||||xx |||||||||||||| ||und||
041 _aESP
082 _a590.724
_bG366
100 _aGoodall, Jane
_eAUT
245 0 _aThrough a window:
_bmy thirty years with the chimpanzees of gombe
260 _c1990
300 _a268 páginas :
_c24 cm.
650 _aGEN
654 _aCCN
942 _cLIB
_dJUS
_fJUS
_2ddc
_n
999 _c15717
_d15717